1101 1443 1657 1537 1043 1921 1297 1791 1539 1038 1884 1436 1606 1112 1836 1267 1309 1877 1417 1515 1284 1531 1846 1570 1081 1393 1907 1467 1056 1719 1826 1830 1696 1101 1120 1572 1052 1988 1424 1281 1165 1470 1503 1586 1517 1452 1290 1477 1990 1098 1194 1515 1774 1144 1060 1703 1099 1298 1111 1161 1188 1970 1897 1465 1024 1996 1235 1466 1013 1206 1036 1299 1082 1738 1482 1822 1514 1149 1236 1296 1179 1480 1802 1423 1557 1889 1539 1729 1785 1816 1366 1937 1428 1290 1702 1926 1878 1295 1352 BCNSPRNW ULIB Ver.6.0+V

เปลี่ยนเป็นภาษาไทย

Change to English
 แสดงรายละเอียดบรรณานุกรม
  กลับหน้าหลัก

Brief Record : Get Marc (ISO 2709) : E-mail record : QR code < ปิดหน้าต่าง
LEADER : 00000nam 2200000uu 4500
001    13399121034
003     ULIB
008    121031s2548||||th 000 0 tha d
020    ^a9749756576(ล.1)
050  4 ^aK245.T5^bส719ค ล.1
110 1  ^aมหาวิทยาลัยสุโขทัยธรรมาธิราช^bสาขาวิชานิติศาสตร์
245 00 ^aเอกสารการสอนชุดวิชา ความรู้เบื้องต้นเกี่ยวกับกฎหมายทั่วไป 1-7=^bGeneral princiles of law /^cสาขาวิชานิติศาสตร์ มหาวิทยาลัยสุโขทัยธรรมาธิราช
246 31 ^aGeneral princiles of law
250    ^aพิมพ์ครั้งที่ 2
260    ^aนนทบุรี:^bศูนย์หนังสือมหาวิทยาลัยสุโขทัยธรรมาธิราช,^c2548
300    ^a275 หน้า
650  7 ^aกฎหมาย
945    ^p0^l0^i24378
995    ^aทศพร
999    ^aทศพร เกษรทอง
รายการนี้ยังไม่มีแท็ก
คุณยังไม่ได้ล็อกอิน คุณสามารถมีกิจกรรมร่วมกับเว็บไซต์ได้ แต่ต้องล็อกอินก่อน ::
  ล็อกอิน

รายการสื่อสารสนเทศ

ลำดับที่ ประเภท เลขเรียก/บาร์โค้ด สถานที่ สถานะ
1. วิทยาศาสตร์การแพทย์ และสุขภาพ
วิทยาศาสตร์การแพทย์ และสุขภาพ
K245.T5 ส719ค ล.1 ฉ.1 
  Barcode: 24378
ห้องสมุดวิทยาเขตสวรรค์ประชารักษ์
►หนังสือทั่วไป
บนชั้น

รายการใกล้เคียง
    หัวเรื่อง [กฎหมาย]

BibComment


ยังไม่เคยถูกคอมเมนท์

คอมเมนท์ทรัพยากรรายการนี้
  คอมเมนท์: เอกสารการสอนชุดว..


 Copyright 2026. Bcnsprnw @Library